000 00363cam a22001217a 4500
008 180718b2001 xxu||||| |||| 00| 0 eng d
082 _aL2 T199t
245 _aTaxation of salaried employees pensioners and senior citizens
260 _aDelhi
_bDirectorate of Income Tax
_c2001
300 _a49p.
440 _aTax payers information series; 31
650 _aTaxation
999 _c401377
_d401377